000 00476pab a2200169 454500
008 180718b2005 xxu||||| |||| 00| 0 eng d
100 _aPattnaik, Binay Kumar
245 _aEcological bases of Indian traditions: search for an indigenous vision
260 _c2005
300 _ap.419-39.
362 _aJul-Dec
650 _aCulture - India
650 _aTraditional culture - India
650 _aTraditional culture
773 _aEastern Anthropologist
909 _a68621
999 _c68621
_d68621